| 000 | 00876cam a2200217 4500500 | ||
|---|---|---|---|
| 005 | 20251228065641.0 | ||
| 041 | _afre | ||
| 042 | _adc | ||
| 100 | 1 | 0 |
_aPaturet, Jean-Bernard _eauthor |
| 245 | 0 | 0 | _aLe « commun » ou la subversion contemporaine du politique |
| 260 | _c2022. | ||
| 500 | _a20 | ||
| 520 | _aLe collectif, le commun, a toujours intéressé les hommes dans son enjeu politique. Comment le concevoir ? Comment le construire ? L’auteur nous propose ici une approche philosophique de la notion de commun. | ||
| 690 | _acitoyens | ||
| 690 | _aCollectif | ||
| 690 | _acommun | ||
| 690 | _aphilosophie | ||
| 690 | _apolitique | ||
| 786 | 0 | _nVST - Vie sociale et traitements | 155 | 3 | 2022-07-29 | p. 19-25 | 0396-8669 | |
| 856 | 4 | 1 | _uhttps://shs.cairn.info/revue-vie-sociale-et-traitements-2022-3-page-19?lang=fr&redirect-ssocas=7080 |
| 999 |
_c1591948 _d1591948 |
||